书目信息 |
| 题名: |
丛林历险记
|
|
| 作者: | 吉卜林 著 ;白雪莲 , 刘钧燕 , 白雪莲 , 刘钧燕 译 | |
| 分册: | ||
| 出版信息: | 北京 北京理工大学出版社 2019.08 |
|
| 页数: | 11, 118页 | |
| 开本: | 26cm | |
| 丛书名: | 床头灯英语 | |
| 单 册: | ||
| 中图分类: | H319.4:I561.84 , H319.4:I | |
| 科图分类: | ||
| 主题词: | 儿童小说--er tong xiao shuo--长篇小说--英国--现代--英语--汉语--对照读物 | |
| 电子资源: | ||
| ISBN: | 978-7-5682-7287-2 | |
| 000 | 01638nam 2200325 450 | |
| 001 | 2332074090 | |
| 005 | 20231211085549.99 | |
| 010 | @a978-7-5682-7287-2@dCNY16.80 | |
| 100 | @a20191116d2019 cemy0chiy50 ea | |
| 101 | 1 | @achi@aeng@ceng |
| 102 | @aCN@b110000 | |
| 105 | @aa z 000ay | |
| 200 | 1 | @a丛林历险记@Acong lin li xian ji@d= The jungle book@f(英) 拉迪亚德·吉卜林著;白雪莲,刘钧燕译@F(ying)la di ya de·ji bo lin zhu;bai xue lian,liu jun yan yi@g白雪莲, 刘钧燕译@zeng |
| 210 | @a北京@c北京理工大学出版社@d2019.08 | |
| 215 | @a11, 118页@c图@d26cm | |
| 225 | 2 | @a床头灯英语@Achuang tou deng ying yu@e英汉对照@i1500词读物 |
| 330 | @a本书主要讲述了一个在原始森林长大的“狼孩子”莫格里, 他在“老师”棕熊巴鲁的教导下知道了“丛林法规”和各种鸟兽的“语言”, 黑豹巴格伊拉传授给他捕猎技能和生活经验。他同丛林居民们共患难, 度过了最艰难的日子。他凭着自己的智慧和勇敢, 赶去了如潮水般的水牛大军, 踩死了恶鬼“老虎希尔汗”。指挥大象哈蒂, 把一群作恶多端的人的村庄毁灭了。后来, 他回到人类世界, 成了出色的护林员, 成了家, 并有了孩子。 | |
| 410 | 0 | @12001 @a床头灯英语@i1500词读物 (英汉对照) |
| 500 | 10 | @aJungle book@mChinese |
| 510 | @a= The jungle books | |
| 606 | 0 | @a儿童小说@Aer tong xiao shuo@x长篇小说@y英国@z现代@x英语@x汉语@j对照读物 |
| 690 | @aH319.4:I561.84@v5 | |
| 690 | @aH319.4:I@v4 | |
| 701 | 1 | @a吉卜林@Aji bu lin@g(Kipling, Joseph Rudyard),@f1865-1936@4著 |
| 702 | 0 | @a白雪莲@Abai xue lian@4译 |
| 702 | 0 | @a刘钧燕@Aliu jun yan@4译 |
| 702 | 0 | @a白雪莲@Abai xue lian@4译 |
| 702 | 0 | @a刘钧燕@Aliu jun yan@4译 |
| 801 | 0 | @aCN@b河南城建学院图书馆@c20191116 |
| 905 | @a河南城建学院图书馆@dH319.4:I@f3@eJ063 | |
| 丛林历险记= The jungle book/(英) 拉迪亚德·吉卜林著;白雪莲,刘钧燕译/白雪莲, 刘钧燕译.-北京:北京理工大学出版社,2019.08 |
| 11, 118页:图;26cm.-(床头灯英语:英汉对照.1500词读物) |
| ←并列题名:= The jungle books |
| ISBN 978-7-5682-7287-2:CNY16.80 |
| 本书主要讲述了一个在原始森林长大的“狼孩子”莫格里, 他在“老师”棕熊巴鲁的教导下知道了“丛林法规”和各种鸟兽的“语言”, 黑豹巴格伊拉传授给他捕猎技能和生活经验。他同丛林居民们共患难, 度过了最艰难的日子。他凭着自己的智慧和勇敢, 赶去了如潮水般的水牛大军, 踩死了恶鬼“老虎希尔汗”。指挥大象哈蒂, 把一群作恶多端的人的村庄毁灭了。后来, 他回到人类世界, 成了出色的护林员, 成了家, 并有了孩子。 |
| ● |
| 相关链接 |
|
|
|
正题名:丛林历险记
索取号:H319.4:I/J063
 
预约/预借
| 序号 | 登录号 | 条形码 | 馆藏地/架位号 | 状态 | 备注 |
| 1 | 1548437 | 215484376 | 外国语学院资料室/ [索取号:H319.4:I/J063] | 在馆 |